|
|
|
|
| LEADER |
00000csc a2200000 a 4500 |
| 001 |
17199 |
| 005 |
20230308212959.0 |
| 008 |
000000|1950 ||||||||r|||||||||||spa|| |
| 040 |
|
|
|b spa
|
| 041 |
1 |
|
|a spa
|
| 082 |
0 |
|
|a 030
|
| 100 |
1 |
|
|a Jackson, W. M.
|9 293951
|
| 245 |
|
|
|a El universo
|c Editor W. M. Jackson
|h imp
|n tomo 1
|
| 264 |
|
|
|a México
|b Editores W. M. Jackson
|c 1950
|
| 300 |
|
|
|a 372 páginas:
|b ilu
|c 25 cm
|
| 490 |
|
|
|a Colección moderna de conocimientos universales
|
| 650 |
|
|
|a Sistema solar
|9 12956
|
| 650 |
|
|
|a Planetas
|9 12881
|
| 650 |
|
|
|a Astros
|9 17246
|
| 650 |
|
|
|a Cartas celestes
|9 293952
|
| 650 |
|
|
|a Astronomia
|9 9579
|
| 852 |
|
|
|a UC-CDJBV
|c ESTANTERIA CERRADA
|f Donación
|k mariana.feican
|l 1
|m Limitada
|p 00000000
|t 17199
|b 1
|d CDRC
|e CDRC
|g 030 ESTANTERIA CERRADA
|z 0000-00-00
|
| 942 |
|
|
|
| 999 |
|
|
|c 123996
|d 123996
|